[Event "CZE-tht Extraliga 2018-19"]
[Site "Czech Republic"]
[Date "2019.04.20"]
[Round "10.1"]
[White "Navara, David"]
[Black "Matlakov, Maxim"]
[Result "1/2-1/2"]
[WhiteElo "2733"]
[BlackElo "2692"]
[Annotator "TA"]
[PlyCount "81"]
[EventDate "2018.11.03"]
[EventType "team-tourn"]
[EventCountry "CZE"]
[SourceTitle "playchess.com"]
[Source "ChessBase"]
[SourceQuality "1"]
[WhiteTeam "Novoborsky"]
[BlackTeam "Pardubice"]

{[%evp 29,81,37,44,42,35,37,35,31,38,37,20,20,27,0,0,0,8,14,8,6,8,9,14,0,0,-115,-122,-425,-124,-99,-104,-113,-42,-42,-42,-42,-44,-76,-18,-18,-14,-25,-8,-15,0,0,15,15,15,2,2,2,2,0]} 1. e4 e5 2. Nf3 Nc6 3. Bb5 a6 4. Ba4 Nf6 5. O-O Nxe4 6. d4 b5 7. Bb3 d5 8. dxe5 Be6 9. Nbd2 Be7 10. c3 O-O 11. Bc2 f5 12. Nb3 Qd7 13. Nfd4 Nxd4 14. Nxd4 c5 15. Nxe6 Qxe6 16. f3 {C83: Open Ruy Lopez: 9 c3 Be7} Ng5 17. a4 {Black must now prevent axb5.} Rad8 18. axb5 {White is slightly better.} axb5 19. Kh1 (19. Ra7 Rd7 20. Rxd7 Qxd7 21. f4 Ne4 22. g4 Kh8 23. gxf5 Qxf5 {1-0 (43) Saric,I (2695)-Anand,V (2773) St Petersburg 2018}) 19... f4 20. Ra7 Rf7 21. Qe2 c4 {[#]} 22. g3 $146 ({Predecessor:} 22. b3 Bc5 23. Rxf7 Qxf7 24. bxc4 bxc4 {0-1 (60) Mastrovasilis,D (2573)-Fressinet,L (2625) Kusadasi 2006}) 22... fxg3 23. Bxg5 Bxg5 24. Rxf7 Qxf7 25. f4 Be7 26. Qg4 d4 27. Bf5 {[#]} (27. hxg3 $11 {keeps the balance.} d3 28. Bd1) 27... Qd5+ $1 $17 28. Rf3 $2 {[%mdl 8192]} (28. Qf3 $17 {is more resistant.} Qxf3+ 29. Rxf3) 28... Kf8 $2 (28... Qc6 $19 {is more deadly. Hoping for ...d3.} 29. Kg2 d3) 29. Be6 Qe4 {aiming for ...g6.} 30. Qh5 {[%csl Ge6][%cal Rh5f7]} Qg6 (30... g6 $17 31. Qh6+ Ke8) 31. Qxg6 $15 hxg6 32. cxd4 Rxd4 33. hxg3 {[%mdl 4096] Endgame [#] KRB-KRB} Bb4 (33... Bc5 $1 $17 {And now ...Ke7 would win.} 34. b3 Ke7) 34. Kg2 $1 $11 Ke7 35. Bg8 Rd2+ 36. Rf2 {The position is equal.} Rxf2+ (36... Rd8 $5 37. Bh7 $8 Kf7 $11) 37. Kxf2 c3 38. bxc3 Bxc3 39. Ke3 g5 40. Ke4 gxf4 41. gxf4 {Accuracy: White = 58%, Black = 46%.} 1/2-1/2

[Event "CZE-tht Extraliga 2018-19"]
[Site "Czech Republic"]
[Date "2019.04.20"]
[Round "10.1"]
[White "Balogh, Csaba"]
[Black "Molenda, Marcin"]
[Result "0-1"]
[WhiteElo "2610"]
[BlackElo "2383"]
[Annotator "RC"]
[PlyCount "88"]
[EventDate "2018.11.03"]
[EventType "team-tourn"]
[EventCountry "CZE"]
[SourceTitle "playchess.com"]
[Source "ChessBase"]
[SourceQuality "1"]
[WhiteTeam "Brno"]
[BlackTeam "Cesky Tesin"]
[TimeControl "40/5400+30:1800+30"]

1. e4 {[%emt 0:00:00]} c5 {[%emt 0:00:00]} 2. Nf3 {[%emt 0:00:00]} e6 {[%emt 0:00:00]} 3. d4 {[%emt 0:00:23]} cxd4 {[%emt 0:00:00]} 4. Nxd4 {[%emt 0:00:06]} Nc6 {[%emt 0:00:00]} 5. Nc3 {[%emt 0:00:08]} Qc7 {[%emt 0:00:03]} 6. g4 {[%emt 0:01:28]} a6 {[%emt 0:02:09]} 7. h4 {[%emt 0:01:34]} b5 {[%emt 0:02:43]} 8. Nxc6 {[%emt 0:00:22]} Qxc6 {[%emt 0:00:49]} 9. Bg2 {[%emt 0:00:15]} Bb7 {[%emt 0:04:45]} 10. a3 {[%emt 0:00:38]} Bc5 {[%emt 0:02:46]} 11. Bf4 {[%emt 0:01:16]} Ne7 {[%emt 0:14:42]} 12. h5 {[%emt 0:04:25]} h6 {[%emt 0:06:30]} 13. Qd3 {[%emt 0:15:37]} f6 {[%emt 0:07:39]} 14. Be3 {[%emt 0:17:07]} e5 {[%emt 0:07:29]} 15. O-O-O {[%emt 0:07:45]} O-O-O {[%emt 0:03:51]} 16. Nd5 {[%emt 0:04:24]} Nxd5 {[%emt 0:04:59]} 17. exd5 {[%emt 0:00:05]} Bxe3+ {[%emt 0:00:31]} 18. Qxe3 {[%emt 0:08:04]} Qd6 {[%emt 0:00:40]} 19. a4 {[%emt 0:00:49]} b4 {[%emt 0:01:34]} 20. a5 {[%emt 0:09:17]} Kb8 {[%emt 0:01:01]} 21. Rh3 {[%emt 0:00:19]} Rc8 {[%emt 0:00:42]} 22. Qe4 {[%emt 0:00:10]} Rc7 {[%emt 0:01:30]} 23. Rb3 {[%emt 0:02:29]} Rhc8 {[%emt 0:00:08]} 24. Qxb4 {[%emt 0:19:27]} Rxc2+ {[%emt 0:04:33]} 25. Kb1 {[%emt 0:00:03]} Qxb4 {[%emt 0:00:37]} 26. Rxb4 {[%emt 0:00:05]} Rxf2 {[%emt 0:00:12]} 27. Bf1 {[%emt 0:00:03]} Ka7 {[%emt 0:00:52]} 28. Bd3 {[%emt 0:00:05]} Rc5 {[%emt 0:01:42]} 29. d6 {[%emt 0:02:52]} Rf4 {[%emt 0:06:19]} 30. Rxf4 {[%emt 0:01:41]} exf4 {[%emt 0:00:02]} 31. Rc1 {[%emt 0:00:06]} Rd5 {[%emt 0:08:56]} 32. Be4 {[%emt 0:00:14]} Rd4 {[%emt 0:00:01]} 33. Bxb7 {[%emt 0:02:12]} Kxb7 {[%emt 0:00:01]} 34. Rc7+ {[%emt 0:00:08]} Kb8 {[%emt 0:00:10]} 35. Rc5 {[%emt 0:00:01]} Rxd6 {[%emt 0:02:32]} 36. Rf5 {[%emt 0:00:02]} Rd4 {[%emt 0:00:54]} 37. Kc2 {[%emt 0:00:01]} Kc7 {[%emt 0:02:50]} 38. Kc3 {[%emt 0:00:00]} Re4 {[%emt 0:01:10]} 39. b4 {[%emt 0:00:01]} Kc6 {[%emt 0:00:55]} 40. Rc5+ {[%emt 0:00:13]} Kd6 {[%emt 0:00:41]} 41. Rf5 {[%emt 0:30:02]} Ke6 {[%emt 0:30:43]} 42. b5 {[%emt 0:00:12]} axb5 {[%emt 0:00:45]} 43. Rxb5 {[%emt 0:00:02]} f3 {[%emt 0:01:35]} 44. Kb3 {[%emt 0:02:04]} Rxg4 {[%emt 0:04:06]} 0-1

[Event "CZE-tht Extraliga 2018-19"]
[Site "Czech Republic"]
[Date "2019.04.20"]
[Round "10.1"]
[White "Miton, Kamil"]
[Black "Vavra, Pavel"]
[Result "1/2-1/2"]
[WhiteElo "2593"]
[BlackElo "2359"]
[Annotator "ChessBase"]
[PlyCount "50"]
[EventDate "2018.11.03"]
[EventType "team-tourn"]
[EventCountry "CZE"]
[SourceTitle "playchess.com"]
[Source "ChessBase"]
[SourceQuality "1"]
[WhiteTeam "Ostrava"]
[BlackTeam "Siesta B"]
[TimeControl "40/5400+30:1800+30"]

1. d4 {[%emt 0:00:00]} d5 {[%emt 0:00:00]} 2. c4 {[%emt 0:00:00]} c6 {[%emt 0:00:00]} 3. Nf3 {[%emt 0:01:06]} e6 {[%emt 0:00:00]} 4. Qc2 {[%emt 0:03:10]} Nf6 {[%emt 0:12:15]} 5. e3 {[%emt 0:03:46]} Nbd7 {[%emt 0:00:36]} 6. Nc3 {[%emt 0:00:09]} Bd6 {[%emt 0:00:22]} 7. Bd3 {[%emt 0:00:15]} O-O {[%emt 0:00:59]} 8. O-O {[%emt 0:00:04]} Re8 {[%emt 0:04:33]} 9. e4 {[%emt 0:18:05]} dxc4 {[%emt 0:11:48]} 10. Bxc4 {[%emt 0:00:09]} b5 {[%emt 0:00:05]} 11. Bb3 {[%emt 0:05:15]} e5 {[%emt 0:11:53]} 12. Ng5 {[%emt 0:07:16]} Rf8 {[%emt 0:07:00]} 13. Ne2 {[%emt 0:00:43]} c5 {[%emt 0:03:58]} 14. Bxf7+ {[%emt 0:09:06]} Rxf7 {[%emt 0:03:40]} 15. Nxf7 {[%emt 0:05:34]} Kxf7 {[%emt 0:00:21]} 16. dxe5 {[%emt 0:00:48]} Nxe5 {[%emt 0:13:33]} 17. f4 {[%emt 0:00:59]} Neg4 {[%emt 0:03:33]} 18. h3 {[%emt 0:20:09]} c4 {[%emt 0:00:29]} 19. Ng3 {[%emt 0:01:00]} Bc5+ {[%emt 0:02:31]} 20. Kh1 {[%emt 0:00:07]} Qd3 {[%emt 0:02:09]} 21. Qxd3 {[%emt 0:01:10]} cxd3 {[%emt 0:00:06]} 22. hxg4 {[%emt 0:01:41]} Nxg4 {[%emt 0:01:00]} 23. Bd2 {[%emt 0:08:11]} Nf2+ {[%emt 0:01:34]} 24. Kh2 {[%emt 0:00:11]} Ng4+ {[%emt 0:00:38]} 25. Kh1 {[%emt 0:00:17]} Nf2+ {[%emt 0:00:54]} 1/2-1/2

[Event "CZE-tht Extraliga 2018-19"]
[Site "Czech Republic"]
[Date "2019.04.20"]
[Round "10.1"]
[White "Kempinski, Robert"]
[Black "Nabaty, Tamir"]
[Result "1/2-1/2"]
[WhiteElo "2575"]
[BlackElo "2683"]
[Annotator "TA"]
[PlyCount "202"]
[EventDate "2018.11.03"]
[EventType "team-tourn"]
[EventCountry "CZE"]
[SourceTitle "playchess.com"]
[Source "ChessBase"]
[SourceQuality "1"]
[WhiteTeam "Poruba"]
[BlackTeam "Lysa nad Labem"]

{[%evp 24,202,8,8,16,9,14,3,9,0,7,0,0,0,0,-15,-9,-14,-14,-19,-9,-12,0,-12,0,-17,-20,-24,-23,-24,-4,-41,-27,-41,-46,-58,-29,-46,-24,-21,-6,-13,-13,-20,-20,-24,-14,-22,-13,-58,-54,-81,-5,-23,-16,-9,0,-18,0,-14,-7,-22,-19,-22,-18,-29,-15,-52,-41,-88,-67,-74,-75,-71,-81,-108,-102,-106,-86,-90,-79,-79,-75,-132,-117,-127,-124,-275,-272,-252,-254,-310,-343,-337,-325,-324,-239,-287,-294,-395,-388,-383,-389,-362,-358,-1694,-1683,-1574,-1574,-1547,-1515,-1375,-964,-5149,-3762,-2602,-2265,-1551,-1316,-704,-8,-8,-8,-8,-8,-8,-8,-8,-8,-6402,-1945,-3099,-1159,-5397,-5189,-5107,-1370,-3229,-3045,-1147,-92,-99,-8,-8,0,-6991,-2846,-11793,-8574,-29960,-8,-8,-8,-8,-8,-8,0,-8,-8,-8,-8,-8,0,-8,0,-8,-8,-8,0,0,0,0,0,0,0,0,0,0,0,0,0]} 1. d4 d5 2. Nf3 e6 3. e3 Nf6 4. c4 a6 5. a3 dxc4 6. Bxc4 b5 7. Be2 c5 8. O-O Bb7 9. dxc5 Bxc5 10. Qxd8+ Kxd8 11. b4 Bd6 12. Nbd2 Nbd7 {[%cal Bb8d7,Bd7b6,Bb6a4][%mdl 32]} 13. Bb2 Ke7 {D27: Queen's Gambit Accepted: Classical main line: 7 e4!? and 7 a4} 14. Rac1 (14. Nb3 Rac8 15. Na5 Bd5 16. Rfc1 Nb6 17. Be5 Rxc1+ 18. Rxc1 Rc8 19. Bxd6+ Kxd6 20. Rxc8 Nxc8 21. Nd2 Nb6 22. f3 Nfd7 {½-½ (22) Chatalbashev,B (2534)-Karpatchev,A (2463) Berlin 2016}) 14... Rac8 15. Nb3 Bd5 16. Nfd2 e5 17. Na5 $146 ({Predecessor:} 17. Rxc8 Rxc8 18. Rc1 Rxc1+ 19. Nxc1 Nb6 20. Ncb3 {½-½ (57) Castaneda,C (2171)-Zambrana,O (2409) Sao Paulo 2005}) 17... Nb6 18. Bf3 Ke6 19. e4 Ba8 20. g3 Rhd8 21. Nab3 Ke7 22. Bg2 Na4 23. Ba1 Bb8 24. Rxc8 (24. Rfd1 {seems wilder.} g5 25. Kf1 g4 26. Ke2 h5 27. Rxc8 Rxc8 28. Rc1) 24... Rxc8 25. Rc1 Rxc1+ 26. Nxc1 Ne8 27. Ne2 f6 28. Nc3 Nb6 29. Nb3 Nc4 30. a4 bxa4 31. Nxa4 Bc6 32. Nac5 Bb5 33. Bf1 Ba7 34. Bc3 Nc7 35. Bh3 Bb6 36. Kg2 Bc6 37. Be1 g6 (37... Kd6 $1 $17 {Strongly threatening ...a5!} 38. b5 Nxb5) 38. Kg1 Na3 39. Bd2 Nc4 {...Bxc5 is the strong threat.} 40. Be1 Na3 41. Bd2 Bb5 42. Kg2 Nc4 43. Be1 h5 44. Kg1 Nd6 45. Bd2 g5 46. Bg2 Nc4 {aiming for ...Bxc5.} 47. Bc3 g4 48. Bf1 Ne6 49. h3 Nd6 50. Bg2 Ng5 51. h4 Nf3+ 52. Bxf3 gxf3 53. Kh2 (53. Bd2 $142) 53... Bc4 $17 {Threatens to win with ...Bxb3.} 54. Nd2 Be2 55. g4 $2 (55. Kg1 $17 {was necessary.}) 55... Nb5 $1 $19 {[%cal Rb5c3]} ({Weaker is} 55... hxg4 56. Kg3 $17) 56. Bb2 a5 $1 (56... hxg4 57. Ndb3 $15) 57. gxh5 axb4 58. Ndb3 Bd1 59. Kg3 Nd6 60. Kg4 Kf7 61. Bc1 Bxb3 {[%mdl 64] Overworked Piece} 62. Nxb3 Nxe4 63. Kxf3 Nxf2 64. Be3 $2 (64. Ke2 Ne4 65. Kd3) 64... Bxe3 65. Kxe3 {[%mdl 4096] Endgame KN-KN} Nh3 66. Kd3 Nf4+ 67. Kc4 Nxh5 68. Kxb4 Kg6 69. Kc4 Nf4 70. Nd2 Kf5 71. Kc5 Ng6 $2 ({Black should try} 71... Nh5 $19 72. Kd6 e4) 72. h5 $11 Nf4 73. h6 Kg6 74. Ne4 $1 Ne6+ 75. Kd6 Ng5 76. Nc5 $2 {[%mdl 8192]} (76. Nf2 $11) 76... Kxh6 (76... e4 $142 77. Kd5 Kxh6) 77. Nd7 $19 Kg7 78. Ke7 Nh7 $1 79. Kd6 e4 80. Kd5 Ng5 $1 ({Not} 80... e3 81. Nc5 $15) 81. Nc5 Kg6 $2 (81... f5 $19 {has better winning chances.} 82. Ke5 Kg6) 82. Kd4 $17 Kf5 (82... Kh5 $1 $17 {[%cal Rh5g4]} 83. Nd7 f5 84. Nf6+ Kh4) 83. Nd7 $1 $11 Kg6 84. Ke3 $2 {[%mdl 8192]} (84. Nc5 $11 Kh5 85. Ke3) 84... f5 $1 $19 85. Kf4 Ne6+ 86. Ke5 {[#]} e3 $2 (86... Kg5 $1 {mates} 87. Kxe6 f4 88. Ke5 f3 89. Kxe4 f2 90. Ne5 f1=Q 91. Nd3 Qg2+ 92. Kd4 Qd2 93. Ke4 Qc2 94. Kd4 Qa4+ 95. Kd5 Qb3+ 96. Kd4 Qd1 97. Ke4 Qe2+ 98. Kd4 Kf5 99. Nc5 Qg2 100. Nd3 {[#]} Qd2 $1 {[%mdl 512]} 101. Kc4 Ke4 102. Nc5+ Ke3 103. Kb5 Qd6 104. Nb3 Qd5+ 105. Kb4 Qc6 106. Nc5 Kd4 107. Nb3+ Kd5 108. Nd2 Qc2 109. Kb5 Qxd2 110. Kb6 Qb2+ 111. Kc7 Qb4 112. Kd8 Qb7 113. Ke8 Ke6 114. Kf8 Qf7#) 87. Kxe6 $11 {KN-KPP. The position is equal.} e2 (87... Kg5 $5 {[%cal Re3e2]} 88. Ne5 Kh4 $11) 88. Ne5+ Kg5 89. Kd5 $1 Kf4 {Hoping for ...Ke3.} 90. Kd4 e1=N {KN-KN} (90... Kg3 $5 91. Nd3 $8 Kh4 $11) 91. Ng6+ (91. Nc4 {feels hotter.} Nf3+ 92. Kd3 Nh2 93. Nd6 Kg5 94. Ke3) 91... Kg5 92. Ne5 Kf4 {( -> ...Nf3+)} 93. Ng6+ Kg5 94. Ne5 Ng2 95. Nf7+ Kh4 96. Nh6 f4 97. Ke4 Kg5 98. Nf7+ Kg4 99. Nh6+ Kg3 {White must now prevent ...Nh4.} 100. Nf5+ Kf2 101. Nd4 Kg3 {Accuracy: White = 46%, Black = 54%.} 1/2-1/2

[Event "CZE-tht Extraliga 2018-19"]
[Site "Czech Republic"]
[Date "2019.04.20"]
[Round "10.1"]
[White "Nguyen, Thai Dai Van"]
[Black "Rodshtein, Maxim"]
[Result "0-1"]
[WhiteElo "2547"]
[BlackElo "2689"]
[Annotator "TA"]
[PlyCount "120"]
[EventDate "2018.11.03"]
[EventType "team-tourn"]
[EventCountry "CZE"]
[SourceTitle "playchess.com"]
[Source "ChessBase"]
[SourceQuality "1"]
[WhiteTeam "Siesta"]
[BlackTeam "Turnov"]

{[%evp 15,120,15,31,19,15,24,27,27,27,28,22,29,25,8,31,22,21,17,20,18,34,50,75,61,57,62,66,44,54,33,21,31,29,10,22,0,0,0,0,0,0,0,0,-32,-31,-43,-34,-45,-37,-30,-19,-61,-61,-66,-60,-61,-43,-47,-40,-127,-127,-128,-124,-124,-124,-158,-60,-60,-60,-60,-60,-60,-60,-142,-53,-53,-45,-45,-45,-45,-45,-64,-28,-62,-37,-33,-34,-139,-8,-14,-8,-11,0,-22,-8,-4,-8,-1669,-1467,-934,-88,-1509,-1481,-968,-1126,-29984,-29985]} 1. e4 c5 2. Nf3 d6 3. d4 cxd4 4. Nxd4 Nf6 5. Nc3 a6 6. Be3 e5 7. Nb3 Be6 8. f3 h5 9. Nd5 {B90: Sicilian Najdorf: Unusual White 6th moves, 6 Be3 Ng4 and 6 Be3 e5} Bxd5 10. exd5 Nbd7 11. Qd2 {White has an edge.} g6 12. Be2 Bg7 13. O-O b6 14. c4 O-O {[#]} 15. Kh1 $146 ({Predecessor:} 15. Rae1 Re8 {½-½ (41) Zhak,B (2605)-Bock,S (2545) ICCF email 2015}) 15... Re8 16. Rae1 Rc8 17. Qd1 Nh7 18. Nd2 a5 19. Qb1 Nc5 20. b3 Bf6 21. Ne4 Bh4 22. g3 Nxe4 23. fxe4 Bg5 24. Bg1 h4 25. Bg4 Rb8 26. Qd3 hxg3 27. hxg3 ({Of course not} 27. Qxg3 Bh4 $17) 27... Kg7 28. Kg2 Nf6 29. Bd1 Qd7 30. Bf2 b5 31. c5 dxc5 32. Bxc5 Rbc8 33. Be3 Bxe3 34. Qxe3 Rh8 $36 {[%mdl 2048] aiming for ...Qh3+. Black is pushing.} 35. Rh1 Qd6 36. Rxh8 Rxh8 37. Rh1 (37. Be2 $15) 37... Rxh1 38. Kxh1 Qb4 39. Bf3 a4 40. Qd3 Ne8 (40... Qe1+ $17 41. Kg2 a3) 41. bxa4 $15 bxa4 42. a3 $1 {[%cal Ra3b4]} Qb3 43. Be2 Nd6 44. g4 ({Better is} 44. Kg2 $15) 44... Qb2 (44... Nb7 $1 $17 45. Kg2 Nc5) 45. Kg2 Qc1 46. Qg3 Qg5 47. Qd3 Qf4 48. Bf3 Kh6 49. Qc2 Kg5 50. Qxa4 Qd2+ 51. Kf1 {[#]} (51. Kg1 $15) 51... Kf4 (51... Qd3+ $1 $17 52. Kf2 Kf4) 52. Qb3 $1 $11 Qc1+ 53. Kf2 Qd2+ 54. Kf1 f5 55. gxf5 gxf5 56. Bg2 $2 {[%mdl 8192]} (56. Be2 $11 Kxe4 57. a4) 56... fxe4 $19 {( -> ...Nf5)} 57. Qb4 Qxd5 $2 (57... Qd3+ $19 {has better winning chances.} 58. Kg1 Qxd5) 58. Ke1 $2 {[%mdl 8192]} (58. Qe1 $17) 58... Kg3 59. Bf1 {[#]} e3 $1 60. Ke2 Qf3+ {Accuracy: White = 51%, Black = 54%.} 0-1

[Event "CZE-tht Extraliga 2018-19"]
[Site "Czech Republic"]
[Date "2019.04.20"]
[Round "10.1"]
[White "Sadzikowski, Daniel"]
[Black "Zhigalko, Andrey"]
[Result "0-1"]
[WhiteElo "2523"]
[BlackElo "2546"]
[Annotator "ChessBase"]
[PlyCount "78"]
[EventDate "2018.11.03"]
[EventType "team-tourn"]
[EventCountry "CZE"]
[SourceTitle "playchess.com"]
[Source "ChessBase"]
[SourceQuality "1"]
[WhiteTeam "Duras"]
[BlackTeam "Beskydska"]
[TimeControl "40/5400+30:1800+30"]

1. e4 {[%emt 0:00:00]} e5 {[%emt 0:00:00]} 2. Nf3 {[%emt 0:00:00]} Nc6 {[%emt 0:00:00]} 3. Bc4 {[%emt 0:00:00]} Bc5 {[%emt 0:00:00]} 4. O-O {[%emt 0:00:18]} Nf6 {[%emt 0:00:00]} 5. d3 {[%emt 0:00:06]} d6 {[%emt 0:00:13]} 6. c3 {[%emt 0:00:04]} a6 {[%emt 0:01:06]} 7. a4 {[%emt 0:00:12]} h6 {[%emt 0:04:23]} 8. Nbd2 {[%emt 0:03:38]} O-O {[%emt 0:02:25]} 9. Re1 {[%emt 0:01:21]} Ne7 {[%emt 0:08:10]} 10. Nf1 {[%emt 0:02:43]} Ng6 {[%emt 0:04:02]} 11. Bb3 {[%emt 0:01:13]} c6 {[%emt 0:13:55]} 12. h3 {[%emt 0:16:35]} Ba7 {[%emt 0:15:20]} 13. d4 {[%emt 0:08:25]} d5 {[%emt 0:23:35]} 14. exd5 {[%emt 0:04:56]} e4 {[%emt 0:00:06]} 15. Ne5 {[%emt 0:00:26]} cxd5 {[%emt 0:00:24]} 16. Ng3 {[%emt 0:22:20]} Be6 {[%emt 0:04:17]} 17. Nxg6 {[%emt 0:11:10]} fxg6 {[%emt 0:00:02]} 18. Bf4 {[%emt 0:00:39]} Qd7 {[%emt 0:07:34]} 19. Be5 {[%emt 0:04:36]} Nh7 {[%emt 0:01:25]} 20. Qe2 {[%emt 0:04:42]} Rae8 {[%emt 0:04:29]} 21. Kh2 {[%emt 0:02:40]} Ng5 {[%emt 0:01:36]} 22. a5 {[%emt 0:02:53]} Re7 {[%emt 0:02:00]} 23. h4 {[%emt 0:03:44]} Nf7 {[%emt 0:01:29]} 24. Bf4 {[%emt 0:00:15]} Nd6 {[%emt 0:01:01]} 25. Be5 {[%emt 0:01:16]} Nf7 {[%emt 0:00:42]} 26. Bf4 {[%emt 0:00:01]} g5 {[%emt 0:02:18]} 27. hxg5 {[%emt 0:00:05]} Nxg5 {[%emt 0:00:20]} 28. Bxg5 {[%emt 0:01:02]} hxg5 {[%emt 0:00:01]} 29. Rh1 {[%emt 0:00:13]} Bb8 {[%emt 0:01:45]} 30. Kg1 {[%emt 0:00:43]} g6 {[%emt 0:00:42]} 31. Nf1 {[%emt 0:01:44]} Ref7 {[%emt 0:01:08]} 32. Qd2 {[%emt 0:01:30]} Rxf2 {[%emt 0:00:44]} 33. Qxg5 {[%emt 0:00:12]} Qf7 {[%emt 0:00:38]} 34. Ne3 {[%emt 0:01:03]} Rxb2 {[%emt 0:00:13]} 35. Rf1 {[%emt 0:03:11]} Rb1 {[%emt 0:00:40]} 36. Rh8+ {[%emt 0:00:23]} Kxh8 {[%emt 0:00:04]} 37. Rxb1 {[%emt 0:00:55]} Qf2+ {[%emt 0:01:01]} 38. Kh1 {[%emt 0:00:01]} Kg7 {[%emt 0:00:31]} 39. Qe7+ {[%emt 0:01:46]} Bf7 {[%emt 0:00:19]} 0-1

[Event "CZE-tht Extraliga 2018-19"]
[Site "Czech Republic"]
[Date "2019.04.20"]
[Round "10.2"]
[White "Najer, Evgeniy"]
[Black "Markowski, Tomasz"]
[Result "1-0"]
[WhiteElo "2667"]
[BlackElo "2544"]
[Annotator "TA"]
[PlyCount "109"]
[EventDate "2018.11.03"]
[EventType "team-tourn"]
[EventCountry "CZE"]
[SourceTitle "playchess.com"]
[Source "ChessBase"]
[SourceQuality "1"]
[WhiteTeam "Lysa nad Labem"]
[BlackTeam "Poruba"]

{[%evp 14,109,28,33,30,28,33,14,42,38,31,22,36,21,24,-9,0,11,40,51,61,62,133,120,185,114,241,222,308,281,270,170,170,169,168,174,150,166,280,0,0,0,271,255,294,303,316,302,309,134,140,139,127,119,133,129,133,127,122,122,122,132,146,167,162,150,152,113,134,141,139,143,105,71,70,75,87,87,198,206,246,171,494,493,517,477,464,481,666,663,694,633,2040,2039,29979,29980,29985,29986]} 1. e4 c5 2. Nf3 e6 3. d4 cxd4 4. Nxd4 a6 5. Nc3 Qc7 6. Bd3 Nf6 7. O-O d6 8. a4 Nc6 {B43: Sicilian: Kan Variation: 5 Nc3} (8... b6 9. Re1 Be7 10. Qf3 Nbd7 11. Qg3 Ne5 12. f4 Nxd3 13. cxd3 O-O 14. Be3 Bb7 15. f5 e5 16. Nf3 {1-0 (71) Radjabov,T (2742)-Artemiev,V (2692) Tbilisi 2017}) 9. Nxc6 bxc6 10. a5 $146 ({Predecessor:} 10. f4 e5 11. Kh1 Be7 12. Qe1 a5 13. fxe5 dxe5 14. Bg5 Rb8 15. Rb1 Be6 16. Nd1 {1-0 (33) Georgiou,K (2162)-Ladas,A (1588) Peristeri 2017}) 10... c5 {The position is equal.} 11. Bf4 Be7 12. Re1 Nd7 13. Re3 Bb7 14. Be2 Rd8 15. Rg3 $36 {[%mdl 2048] White has good play.} g6 16. Bh6 Nb8 17. Qf1 Qc8 ({Better is} 17... Bf8 $14 18. Bxf8 Kxf8) 18. f4 $1 $16 Bh4 (18... Bf8 $16 19. Bg5 Be7) 19. Re3 (19. Rg4 $1 $18 {[%cal Rg4h4]} Bf6 20. f5) 19... Nc6 (19... Bf6 $16) 20. f5 $18 Be7 {[%cal Rg6f5]} 21. fxe6 fxe6 22. Bg4 {Threatens to win with Nd5!} Ne5 23. Bh3 $1 {And now Nd5! would win.} Nf7 24. Bg7 Rg8 25. Bf6 Rf8 (25... Ne5 {was worth a try.}) 26. Bg7 Rg8 27. Bf6 Rf8 $1 {Hoping for ...Ne5.} 28. Rf3 Ne5 29. Bxe5 $1 dxe5 30. Rxf8+ Bxf8 {[#]} 31. Qf6 (31. Qf3 $1 $18 {and the rest is easy. aiming for Rf1.} c4 32. Rf1 Qc5+ 33. Kh1) 31... Qc7 $16 32. Qxe6+ Qe7 33. Qb3 c4 34. Qa4+ ({But not} 34. Qxc4 $6 Qc5+ 35. Qxc5 Bxc5+ 36. Kf1 Rd2 $11) 34... Kf7 35. Qxc4+ Kg7 36. Nd5 Bxd5 37. exd5 Qc5+ 38. Qxc5 Bxc5+ {[%mdl 4096] Endgame KRB-KRB} 39. Kf1 Rxd5 40. Ke2 Be7 41. c3 Bg5 42. b4 Rd2+ 43. Kf3 {b5! is the strong threat.} Rd3+ 44. Ke4 Re3+ 45. Kd5 {Black must now prevent b5!} Rd3+ {[#]} (45... Rxc3 $16 {was necessary.} 46. g3 Rb3) 46. Kc4 $1 $18 {[%cal Rc4d3]} ({Much less strong is} 46. Kxe5 Rxc3 47. Rb1 Rc2 $16) 46... e4 47. Re1 Be3 $2 (47... Bd2 {is a better chance.} 48. Rxe4 Rxc3+ 49. Kd4 Rc6) 48. Rxe3 Rxe3 {KR-KB} 49. Bc8 Rd3 {Threatening ...Rd6.} 50. Bxa6 Rd7 51. Kc5 Kf6 52. b5 {[%cal Bb4b5,Bb5b6][%mdl 32]} Ke7 53. b6 Kd8 54. Bb5 e3 55. a6 {Accuracy: White = 69%, Black = 38%.} 1-0